Nenne die zehn größten Terrororganisationen der Welt - Statistiken

Allgemein
  • Dieses Quiz wurde 235 mal gespielt
    210 seit der letzten Aktualisierung
  • Das Durchschnittsergebnis liegt bei 3 aus 10
Antwortstatistiken
jährlicher
Umsatz
Organisation % Korrekt
2-3 Milliar- den USD ISIS
63%
150 Millio- nen USD Al-Qaida
58%
1 Milliarde USD Hamas
47%
400 Millio- nen USD Taliban
47%
52 Millio- nen USD Boko Haram
37%
500 Millio- nen USD Hisbollah
25%
50 Millio- nen USD IRA
19%
70 Millio- nen USD Al Shabab
12%
600 Millio- nen USD FARC
8%
100 Millio- nen USD Lashkar-eTaiba
1%
Keine übereinstimmenden Quizze gefunden
Verteilung der Resultate
Anzahl Personen mit jedem Resultat
Perzentil nach korrekt beantworteten Fragen
Ihre Resultats-Entwicklung
Sie haben dieses Quiz seit der letzten Aktualisierung nicht gespielt